[Event "XI Anibal Open"]
[Site "Linares ESP"]
[Date "2005.03.01"]
[Round "6"]
[White "Canabate Carmona,F"]
[Black "Parfjonov,P"]
[Result "0-1"]
[WhiteElo "2110"]
[BlackElo "2262"]
[EventDate "2005.02.25"]

1. c4 g6 2. Nc3 Bg7 3. d4 Nf6 4. e4 d6 5. f3 c5 6. dxc5 dxc5 7. Qxd8+ Kxd8
8. Be3 Nfd7 9. Nge2 e6 10. O-O-O Ke7 11. f4 b6 12. Nb5 Bb7 13. Nc7 Bxe4 14.
Nxa8 Bxa8 15. Rg1 Nf6 16. h3 h5 17. g3 Bf3 18. Re1 Ne4 19. Bg2 Bxe2 20.
Bxe4 Bxc4 21. b3 Bb5 22. Rd1 Bc6 23. Bxc6 Nxc6 24. Rge1 Bd4 25. Bxd4 cxd4
26. Re2 f6 27. b4 b5 28. a4 a6 29. axb5 axb5 30. Ra2 e5 31. Kd2 Nxb4 32.
Rb2 Nd5 33. Rxb5 Nc3 34. Rb7+ Ke6 35. Ra1 Ne4+ 36. Ke2 Nxg3+ 37. Kf3 Nf5
38. Ra6+ Nd6 39. Rg7 e4+ 40. Ke2 Rb8 41. Rc7 Rb2+ 42. Kd1 Rb5 43. Rg7 d3
44. Rxg6 e3 45. Rg3 Rb1+ 0-1

[Event "XI Anibal Open"]
[Site "Linares ESP"]
[Date "2005.03.01"]
[Round "6"]
[White "Karim,I"]
[Black "Kaza,P"]
[Result "1-0"]
[WhiteElo "2249"]
[BlackElo "2097"]
[EventDate "2005.02.25"]

1. e4 c5 2. Nf3 e6 3. d4 cxd4 4. Nxd4 a6 5. Bd3 Qc7 6. O-O Nf6 7. Qe2 d6 8.
c4 Be7 9. f4 Nbd7 10. Kh1 O-O 11. b3 b6 12. Bb2 Bb7 13. Nc3 Rac8 14. Rae1
e5 15. Nf5 Bd8 16. fxe5 Nxe5 17. Nd5 Bxd5 18. cxd5 Nxd3 19. Qxd3 Ra8 20.
Nxg7 1-0

[Event "XI Anibal Open"]
[Site "Linares ESP"]
[Date "2005.03.01"]
[Round "6"]
[White "Pena Riasco,A"]
[Black "Del Rio Angelis,S"]
[Result "0-1"]
[WhiteElo "2196"]
[BlackElo "2502"]
[EventDate "2005.02.25"]

1. d4 e6 2. c4 Nf6 3. Nf3 c5 4. d5 exd5 5. cxd5 g6 6. Nc3 Bg7 7. e4 d6 8.
Bd3 O-O 9. O-O a6 10. a4 Bg4 11. h3 Bxf3 12. Qxf3 Nbd7 13. Bf4 Qe7 14. Rae1
Rfe8 15. Qd1 Nh5 16. Bh2 Be5 17. f4 Bd4+ 18. Kh1 Qh4 19. Qg4 Qxg4 20. hxg4
Nhf6 21. g5 Ng4 22. Bg3 h6 23. Be2 Ne3 24. Rf3 hxg5 25. fxg5 Ne5 26. Rf4
Kg7 27. Bf2 Rh8+ 28. Kg1 Rh7 29. Nd1 Nc2 30. Rf1 Rah8 31. Bxd4 Nxd4 32. Kf2
Rh4 33. Rxh4 Rxh4 34. Nc3 Nxe2 35. Kxe2 Kf8 36. Rb1 Rh2 37. Kf2 Rh5 38. Kg1
a5 39. Kf2 Rxg5 40. Rh1 Nd3+ 41. Kf3 Rh5 42. Rxh5 gxh5 43. b3 Ke7 44. Nb5
Nc1 45. Kg3 Nxb3 46. Kh4 Nd2 47. Kxh5 Nxe4 48. Kh4 Kf6 0-1

[Event "XI Anibal Open"]
[Site "Linares ESP"]
[Date "2005.03.01"]
[Round "6"]
[White "Ortiz Fernandez Vega,A"]
[Black "Matnadze,A"]
[Result "0-1"]
[WhiteElo "2138"]
[BlackElo "2376"]
[EventDate "2005.02.25"]

1. d4 Nf6 2. Nf3 e6 3. Bf4 b6 4. e3 Bb7 5. Nbd2 g6 6. c3 Bg7 7. Be2 d6 8.
h3 Nbd7 9. O-O O-O 10. a4 a6 11. Nc4 Qe7 12. Bh2 Rfd8 13. Qb3 Ne8 14. Rfd1
h6 15. Rac1 Kh7 16. Qc2 e5 17. Bg3 f5 18. Bh4 Bf6 19. Bxf6 Nexf6 20. a5 Be4
21. Qb3 Bxf3 22. Bxf3 e4 23. Be2 b5 24. Nd2 d5 25. Qc2 Nf8 26. Nb1 Ne6 27.
b4 Rg8 28. Kf1 f4 29. exf4 Nxf4 30. Qd2 Qd6 31. Na3 Rgf8 32. Kg1 e3 33.
fxe3 Nxh3+ 34. Kh1 Ne4 0-1

[Event "XI Anibal Open"]
[Site "Linares ESP"]
[Date "2005.03.01"]
[Round "6"]
[White "Sarto Ramos,A"]
[Black "Vila Gazquez,Ja"]
[Result "0-1"]
[WhiteElo "2119"]
[BlackElo "2307"]
[EventDate "2005.02.25"]

1. d4 Nf6 2. Nf3 e6 3. Bf4 b6 4. c3 Bb7 5. Nbd2 Be7 6. Qc2 c5 7. e4 cxd4 8.
cxd4 Nc6 9. Rc1 Rc8 10. Qb1 O-O 11. a3 Nh5 12. Be3 f5 13. exf5 exf5 14. Nc4
f4 15. Bd2 Bf6 16. Bd3 Nxd4 17. Bxh7+ Kh8 18. Nxd4 Bxd4 19. O-O Qh4 20. Qg6
Rf6 21. Ne5 Rxc1 22. Qe8+ Kxh7 23. Rxc1 Qxf2+ 0-1

[Event "XI Anibal Open"]
[Site "Linares ESP"]
[Date "2005.03.01"]
[Round "6"]
[White "Navarro,R"]
[Black "Vilarnovo Caamano,J"]
[Result "1-0"]
[WhiteElo "2241"]
[BlackElo "2088"]
[EventDate "2005.02.25"]

1. e4 c5 2. Nf3 Nc6 3. d4 cxd4 4. Nxd4 Nf6 5. Nc3 e5 6. Ndb5 d6 7. Bg5 a6
8. Na3 b5 9. Nd5 Be7 10. Bxf6 Bxf6 11. c3 Bg5 12. Nc2 Rb8 13. Be2 O-O 14.
O-O Be6 15. Nce3 Bxe3 16. Nxe3 Ne7 17. Qc2 g6 18. Rfd1 Qb6 19. Bg4 f5 20.
Bh3 Rbd8 21. Qe2 Rf6 22. Rd2 Rdf8 23. exf5 gxf5 24. Kh1 Rh6 25. Rad1 Bc8
26. f3 Bb7 27. c4 Rhf6 28. Qf2 Kh8 29. b3 Ng6 30. cxb5 axb5 31. Nd5 Qxf2
32. Rxf2 Bxd5 33. Rxd5 Rc8 34. g3 Rc5 35. Rfd2 Ne7 36. Rxc5 dxc5 37. Rd7
Nc6 38. Rd5 c4 39. Rxb5 cxb3 40. axb3 Kg7 41. b4 Kg6 42. Rb6 Nd4 43. Rxf6+
Kxf6 44. Kg2 Ke6 45. Kf2 Kd5 46. Bf1 Nc2 47. b5 Kc5 48. g4 fxg4 49. fxg4
Nd4 50. h4 Kd6 51. Ke3 Ke6 52. Ke4 Kf6 53. b6 Ne6 54. Kd5 Nd8 55. Bd3 h6
56. Ba6 Ne6 57. Bc8 Nd8 58. b7 Nxb7 59. Bxb7 h5 60. g5+ Kf5 61. Bc8+ 1-0

[Event "XI Anibal Open"]
[Site "Linares ESP"]
[Date "2005.03.01"]
[Round "6"]
[White "Szymanska,M"]
[Black "Navarro Torres,P"]
[Result "0-1"]
[WhiteElo "2108"]
[BlackElo "2232"]
[EventDate "2005.02.25"]

1. d4 Nf6 2. c4 g6 3. Nc3 Bg7 4. e4 d6 5. Be2 O-O 6. Bg5 c5 7. d5 h6 8. Bf4
b5 9. cxb5 a6 10. a4 Qa5 11. Bd2 axb5 12. Nxb5 Qd8 13. Qc2 Na6 14. Nf3 Bb7
15. O-O e6 16. Nxd6 Qxd6 17. e5 Qxd5 18. exf6 Bxf6 19. Bxh6 Rfc8 20. Ra3
Nb4 21. Qc1 c4 22. Rd1 Qf5 23. Qd2 Nd5 24. Nd4 Qe5 25. Bf3 Rd8 26. Qc1 Rac8
27. Be3 Be7 28. Ra1 c3 29. Bxd5 Qxd5 30. f3 e5 31. Ne2 Qxd1+ 32. Qxd1 Rxd1+
33. Rxd1 cxb2 34. Bd2 Rc2 35. Nc3 Bb4 0-1

[Event "XI Anibal Open"]
[Site "Linares ESP"]
[Date "2005.03.01"]
[Round "6"]
[White "Fernandes,R"]
[Black "Stoumbos,K"]
[Result "1/2-1/2"]
[WhiteElo "2226"]
[BlackElo "2113"]
[EventDate "2005.02.25"]

1. c4 e5 2. g3 Nf6 3. Bg2 d5 4. cxd5 Nxd5 5. Nc3 Nb6 6. Nf3 Nc6 7. d3 Be7
8. O-O O-O 9. a3 a5 10. Be3 Re8 11. Rc1 Bf8 12. Na4 e4 13. Ne1 Nxa4 14.
Qxa4 Bg4 15. Rc2 exd3 16. exd3 Bd1 17. Bxc6 Bxc2 18. Qxc2 bxc6 19. Qxc6 Rb8
20. Qc2 Bd6 21. d4 Qd7 22. Nf3 h6 23. Nd2 Rb5 24. Rc1 Reb8 25. Nc4 Qh3 26.
Qe4 Rh5 27. Qg2 Qe6 28. Rc2 Rd5 29. Qf3 a4 30. Nd2 Rdb5 31. Nc4 Rd5 32. Nd2
Rdb5 33. Nc4 1/2-1/2

[Event "XI Anibal Open"]
[Site "Linares ESP"]
[Date "2005.03.01"]
[Round "6"]
[White "Benito Alba,E"]
[Black "Ortega Ruiz,J"]
[Result "0-1"]
[WhiteElo "1914"]
[BlackElo "2278"]
[EventDate "2005.02.25"]

1. d4 Nf6 2. Nf3 d5 3. c4 e6 4. g3 b6 5. Bg2 Bb7 6. cxd5 exd5 7. O-O Bd6 8.
Nc3 a6 9. Qc2 Nbd7 10. Re1 O-O 11. e4 Nxe4 12. Nxe4 dxe4 13. Ng5 Nf6 14.
Nxe4 Nxe4 15. Bxe4 Bxe4 16. Qxe4 Re8 17. Qxe8+ Qxe8 18. Rxe8+ Rxe8 19. Kf1
f5 20. Bd2 Kf7 21. Re1 Rd8 22. f4 Be7 23. Be3 Bf6 24. Rc1 Rd7 25. Rc6 Be7
26. Ke2 Bd6 27. a3 Ke6 28. Rc2 Kd5 29. Kd3 a5 30. Bf2 Re7 31. Be3 c6 32.
Rc3 Bb8 33. a4 Bd6 34. Rc2 g6 35. Rc4 Rxe3+ 0-1

[Event "XI Anibal Open"]
[Site "Linares ESP"]
[Date "2005.03.01"]
[Round "6"]
[White "Valden,P"]
[Black "Gutierrez Leon,C"]
[Result "1/2-1/2"]
[WhiteElo "2185"]
[BlackElo "1985"]
[EventDate "2005.02.25"]

1. d4 Nf6 2. c4 g6 3. Nc3 Bg7 4. e4 d6 5. Be2 c6 6. Nf3 O-O 7. O-O a5 8.
Qc2 Na6 9. Rd1 Qc7 10. a3 Bg4 11. Be3 Bd7 12. Rac1 Ng4 13. Bg5 f6 14. Bh4
h5 15. e5 g5 16. Bxg5 fxg5 17. Nxg5 Bf5 18. Bd3 e6 19. h3 Nh6 20. Bxf5 Rxf5
21. Nxe6 Qf7 22. Nxg7 Qxg7 23. exd6 Raf8 24. Ne4 Nb8 25. Rd3 h4 26. Qe2 Nd7
27. b4 axb4 28. axb4 Nf6 29. Nc5 Qf7 30. Qe6 Qxe6 31. Nxe6 Rf7 32. g4 hxg3
33. fxg3 Ne4 34. c5 Nf2 35. Ra3 Nxh3+ 36. Kg2 Ng5 37. Ra8+ Kh7 38. Nf4 Ne4
39. Re1 Nxg3 40. Kxg3 Rxf4 41. Re7 Rf3+ 1/2-1/2

[Event "XI Anibal Open"]
[Site "Linares ESP"]
[Date "2005.03.01"]
[Round "6"]
[White "Bardin,C"]
[Black "Rios del Moral,N"]
[Result "0-1"]
[WhiteElo "1831"]
[BlackElo "2140"]
[EventDate "2005.02.25"]

1. e4 d5 2. exd5 Nf6 3. Nf3 Nxd5 4. d4 Bf5 5. Bd3 Bg6 6. O-O e6 7. c4 Nb6
8. Nc3 Be7 9. Bf4 c6 10. Re1 O-O 11. Bxg6 hxg6 12. b3 N8d7 13. Ne4 Nf6 14.
Nxf6+ Bxf6 15. Be5 Nd7 16. Bxf6 Nxf6 17. Qd2 Qd6 18. Rad1 Rfd8 19. Qb2 a5
20. a3 b5 21. c5 Qc7 22. Qe2 Rd5 23. h3 a4 24. b4 Rad8 25. Qe3 Rh5 26. Ne5
Nd5 27. Qg3 Rc8 28. Rd3 Rf5 29. Rf3 Rd8 30. Qh4 Qe7 31. Qxe7 Nxe7 32. Rd3
Rf4 33. Nf3 Rf5 34. Red1 Rfd5 35. Kf1 Re8 36. g4 g5 37. Kg2 Ng6 38. Kg3 f6
39. R3d2 Kf7 40. h4 gxh4+ 41. Nxh4 Nxh4 42. Kxh4 Red8 43. f4 e5 44. fxe5
fxe5 45. Rf2+ Kg6 46. Rf5 exd4 47. Rxd5 Rxd5 48. Rd3 Rd8 49. Kg3 Kg5 50.
Kf3 Rd5 51. Kg3 g6 52. Kf3 Kh4 53. Kf4 g5+ 54. Kf3 Rd8 55. Rd1 Rf8+ 56. Kg2
Rf4 57. Rh1+ Kxg4 58. Rh6 Rf3 59. Rxc6 Rxa3 60. Rd6 Ra2+ 61. Kf1 Kf3 62.
Rf6+ Ke3 63. c6 Rc2 64. Re6+ Kd3 65. Rg6 a3 66. Rxg5 a2 67. Rg3+ Ke4 68.
Ra3 Rc1+ 0-1

[Event "XI Anibal Open"]
[Site "Linares ESP"]
[Date "2005.03.02"]
[Round "7"]
[White "Komljenovic,D"]
[Black "Lorenzini,M"]
[Result "0-1"]
[WhiteElo "2492"]
[BlackElo "2412"]
[EventDate "2005.02.25"]

1. d4 Nf6 2. c4 e6 3. Nc3 d5 4. cxd5 exd5 5. Bg5 Be7 6. e3 c6 7. Bd3 Nbd7
8. Nf3 O-O 9. O-O Re8 10. Qc2 g6 11. h3 Nh5 12. Bh6 Nb6 13. Ne5 Bf8 14.
Bxf8 Rxf8 15. g4 Ng7 16. f4 f6 17. Nf3 Qd6 18. Kh1 Bd7 19. Rg1 Rae8 20.
Rae1 Re7 21. h4 Rfe8 22. Qd2 c5 23. b3 cxd4 24. Nxd4 Ne6 25. Ncb5 Bxb5 26.
Nxb5 Qb8 27. f5 a6 28. Nc3 gxf5 29. gxf5+ Ng7 30. h5 Kh8 31. h6 Nh5 32. Qf2
d4 33. exd4 Ng3+ 34. Kg2 Rxe1 35. Rxe1 Rg8 36. Kh3 Nh5 37. Ne2 Nd5 38. Rf1
Qf8 39. Rg1 Rxg1 40. Qxg1 Nhf4+ 41. Kg3 Qg8+ 42. Kf3 Qxg1 43. Nxg1 Nxd3 44.
Ke4 N3b4 45. Ne2 Nb6 46. a3 N4d5 47. Nc1 Kg8 48. Nd3 Nc3+ 49. Kf3 Nd7 50.
Ke3 Kf7 51. Nf4 Nb6 52. Ne6 Nb5 53. Nd8+ Ke7 54. Nxb7 Nxa3 55. Nc5 Nd5+ 56.
Ke4 Nc7 57. Kd3 Nab5 58. Ne4 Nd6 59. Ng3 Nd5 60. Kd2 Ke8 61. Kd3 Kd7 62.
Kd2 Ke7 63. Kd3 Kf7 64. Kd2 Ne7 65. Kc3 Nexf5 66. Ne2 Nxh6 67. Kb4 Nb7 68.
Nf4 Nf5 69. Kc4 Ne7 70. d5 Ng6 71. Ne6 h5 72. Kd4 f5 73. Ng5+ Kf6 74. Nh7+
Ke7 75. Ng5 h4 76. Nh3 Kf6 0-1

[Event "XI Anibal Open"]
[Site "Linares ESP"]
[Date "2005.03.02"]
[Round "7"]
[White "Javakhishvili,L"]
[Black "Korneev,O"]
[Result "0-1"]
[WhiteElo "2456"]
[BlackElo "2602"]
[EventDate "2005.02.25"]

1. d4 d5 2. Nf3 Nf6 3. c4 e6 4. Nc3 c6 5. cxd5 exd5 6. Bg5 Be7 7. Qc2 g6 8.
e3 Bf5 9. Bd3 Bxd3 10. Qxd3 O-O 11. Bxf6 Bxf6 12. O-O Be7 13. Rab1 Nd7 14.
b4 a6 15. a4 Nb6 16. Nd2 Re8 17. Rfc1 Bd6 18. b5 cxb5 19. axb5 a5 20. Nb3
Qe7 21. Nc5 Bxc5 22. dxc5 Qxc5 23. Na4 Qd6 24. Nxb6 Qxb6 25. Qxd5 Red8 26.
Qe5 a4 27. h4 a3 28. h5 Qe6 29. Qxe6 fxe6 30. hxg6 a2 31. gxh7+ Kxh7 32.
Ra1 Rd2 33. b6 Kg6 34. g4 Ra6 35. Kg2 Rxb6 36. Kg3 Rdb2 37. Rc8 Ra6 38.
Rcc1 b5 39. f4 Rb4 40. f5+ exf5 41. gxf5+ Kf6 42. Rc5 Rb1 0-1

[Event "XI Anibal Open"]
[Site "Linares ESP"]
[Date "2005.03.02"]
[Round "7"]
[White "Burmakin,V"]
[Black "Payen,A"]
[Result "1-0"]
[WhiteElo "2554"]
[BlackElo "2384"]
[EventDate "2005.02.25"]

1. d4 d5 2. Nf3 Nf6 3. Bf4 c5 4. c3 cxd4 5. cxd4 Nc6 6. Nc3 Ne4 7. e3 Nxc3
8. bxc3 g6 9. Be2 Bg7 10. O-O O-O 11. c4 dxc4 12. Bxc4 Bf5 13. Rc1 Rc8 14.
Qa4 Qa5 15. Qb3 e5 16. dxe5 Nxe5 17. Nxe5 Bxe5 18. Bh6 Bg7 19. Bxg7 Kxg7
20. Qxb7 Rxc4 21. Rxc4 Bd3 22. Qb2+ Kg8 23. Qc3 Qxc3 24. Rxc3 Bxf1 25. Kxf1
Rb8 26. Rb3 Rc8 27. Ra3 Rc7 28. g4 Kg7 29. Ra6 g5 30. Kg2 f6 31. Kg3 Kg6
32. h4 gxh4+ 33. Kxh4 h6 34. f4 Re7 35. f5+ Kg7 36. Kh5 Rb7 37. a4 Rc7 1-0

[Event "XI Anibal Open"]
[Site "Linares ESP"]
[Date "2005.03.02"]
[Round "7"]
[White "Maze,S"]
[Black "Pogorelov,R"]
[Result "1-0"]
[WhiteElo "2455"]
[BlackElo "2472"]
[EventDate "2005.02.25"]

1. e4 c5 2. Nf3 Nc6 3. Bb5 e6 4. Bxc6 bxc6 5. d3 Ne7 6. Qe2 f6 7. Nh4 g6 8.
f4 Bg7 9. O-O O-O 10. Nf3 e5 11. fxe5 fxe5 12. Qf2 h6 13. Nc3 g5 14. Qxc5
d6 15. Qc4+ d5 16. Qc5 Be6 17. b3 g4 18. Nd2 Rxf1+ 19. Nxf1 Qd7 20. Ng3 d4
21. Nce2 Bf7 22. Ba3 Re8 23. Rf1 h5 24. Qd6 Qc8 25. Rxf7 Kxf7 26. Nxh5 Ng6
27. Nxg7 Kxg7 28. Ng3 Re6 29. Nf5+ Kh7 30. Qb4 c5 31. Qd2 Nf4 32. Qf2 Qd8
33. Bxc5 Qg5 34. Bb4 Rc6 35. Bd2 Rc7 36. a4 Kg6 37. Nxd4 Qf6 38. Ba5 Rc8
39. Nf5 Rc6 40. Bb4 Rc7 41. Bd6 Rc6 42. Ne7+ Kg5 43. Nf5 Kg6 44. Bc5 Rc7
45. Be3 Qg5 46. d4 Qd8 47. Bxf4 exf4 48. Qxf4 Rxc2 49. Qxg4+ Qg5 50. Ne7+
Kh6 51. Qe6+ Kh5 52. Qf7+ Kh4 53. Nf5+ Kg4 54. Nh6+ Kh4 55. g3+ 1-0

[Event "XI Anibal Open"]
[Site "Linares ESP"]
[Date "2005.03.02"]
[Round "7"]
[White "De la Paz,F"]
[Black "Braslavskij,A"]
[Result "1/2-1/2"]
[WhiteElo "2466"]
[BlackElo "2296"]
[EventDate "2005.02.25"]

1. e4 e6 2. d4 d5 3. Nd2 c5 4. exd5 Qxd5 5. Ngf3 cxd4 6. Bc4 Qd6 7. Qe2 Nf6
8. Nb3 Nc6 9. Bg5 Be7 10. O-O-O Qc7 11. Nbxd4 Nxd4 12. Nxd4 a6 13. Kb1 O-O
14. Nf3 b5 15. Bd3 Bb7 16. Ne5 Nd5 17. h4 Rac8 18. c3 Bd6 19. Nf3 Nf4 20.
Bxf4 Bxf4 21. g3 Bxf3 22. Qxf3 Be5 23. h5 Rfd8 24. Qe4 g6 25. Bc2 Bg7 26.
Qh4 a5 27. a3 b4 28. hxg6 hxg6 29. axb4 axb4 30. Qxb4 Ra8 31. Rxd8+ Qxd8
32. Qc5 Rc8 33. Qe3 Qa5 34. Bxg6 Bxc3 35. bxc3 Rb8+ 36. Kc1 Qa1+ 37. Kd2
Rb2+ 38. Bc2 Qxh1 39. Qg5+ Kf8 40. Qd8+ Kg7 41. Qg5+ Kf8 42. Qd8+ Kg7
1/2-1/2

[Event "XI Anibal Open"]
[Site "Linares ESP"]
[Date "2005.03.02"]
[Round "7"]
[White "De la Villa Garcia,J"]
[Black "Taboas Rodriguez,D"]
[Result "1-0"]
[WhiteElo "2470"]
[BlackElo "2302"]
[EventDate "2005.02.25"]

1. e4 e5 2. Nf3 Nc6 3. Bb5 Nge7 4. Nc3 g6 5. d4 exd4 6. Nd5 Bg7 7. Bg5 h6
8. Bf6 Bxf6 9. Nxf6+ Kf8 10. Qd2 Ng8 11. Nxg8 Kxg8 12. O-O-O Qf6 13. Bxc6
dxc6 14. Qxd4 Qxd4 15. Nxd4 Kf8 16. h3 Ke7 17. f4 Bd7 18. Rhe1 Rad8 19. Nf3
Bc8 20. Rxd8 Rxd8 21. Rd1 Rg8 22. g4 h5 23. Rg1 Rh8 24. Kd2 a5 25. Ke3 c5
26. f5 hxg4 27. hxg4 gxf5 28. gxf5 Bd7 29. Kf4 Rh5 30. Rg7 Rh1 31. Ng5 Be8
32. Ke5 Rh6 33. Nh7 Rh5 34. Nf6 Rh4 35. Nd5+ Kf8 36. Rg2 Bc6 37. Nf6 Ke7
38. c4 Rh8 39. a3 b6 40. Rg3 Rd8 41. Ng8+ Kf8 42. Nf6 Ke7 43. Nd5+ Bxd5 44.
f6+ Kd7 45. cxd5 Rh8 46. Rg7 Ke8 47. a4 Kf8 48. Rg3 Rh2 49. b3 Rf2 50. Rd3
Ke8 51. Rh3 Rb2 52. Rh8+ Kd7 53. Rf8 Rxb3 54. Rxf7+ Kc8 55. d6 cxd6+ 56.
Kxd6 Rd3+ 57. Kc6 c4 58. Kxb6 c3 59. e5 Rd7 60. Rf8+ Rd8 61. Rf7 Rd7 62.
Rg7 c2 63. Rg8+ Rd8 64. f7 c1=Q 65. Rxd8+ Kxd8 66. f8=Q+ Kd7 67. Qf7+ Kd8
68. Qf6+ Kd7 69. Qd6+ Ke8 70. Qc6+ Qxc6+ 71. Kxc6 Ke7 72. Kb5 1-0

[Event "XI Anibal Open"]
[Site "Linares ESP"]
[Date "2005.03.02"]
[Round "7"]
[White "Fernandez Romero,Ern"]
[Black "Salgado Lopez,I"]
[Result "1/2-1/2"]
[WhiteElo "2469"]
[BlackElo "2278"]
[EventDate "2005.02.25"]

1. e4 e6 2. b3 d5 3. Bb2 c5 4. exd5 exd5 5. Nf3 Nd7 6. d4 Ngf6 7. Be2 cxd4
8. Nxd4 Bb4+ 9. c3 Bc5 10. O-O O-O 11. Nd2 Ne4 12. c4 Qb6 13. Nxe4 dxe4 14.
Nc2 Qg6 15. Bd4 1/2-1/2

[Event "XI Anibal Open"]
[Site "Linares ESP"]
[Date "2005.03.02"]
[Round "7"]
[White "Breivik,L"]
[Black "Candela Perez,J"]
[Result "0-1"]
[WhiteElo "2221"]
[BlackElo "2431"]
[EventDate "2005.02.25"]

1. d4 Nf6 2. Nf3 g6 3. Nc3 d5 4. Bf4 Bg7 5. e3 O-O 6. Be2 b6 7. Ne5 Bb7 8.
h4 h6 9. h5 g5 10. Bxg5 hxg5 11. h6 Bh8 12. h7+ Kg7 13. Bd3 e6 14. Qf3 Nfd7
15. Qh5 Kf6 16. f4 Ke7 17. Qxg5+ Ke8 18. Qh5 Nxe5 19. fxe5 Kd7 20. O-O-O
Ba6 21. e4 Bxd3 22. Rxd3 c6 23. exd5 cxd5 24. g4 f6 25. exf6 Qxf6 26. g5
Qf4+ 27. Kb1 Rf5 28. Qh3 Nc6 29. g6 Raf8 30. a3 Rg5 31. Qh6 Rg1+ 32. Ka2
Qxh6 33. Rxh6 Bg7 34. Rh2 Nxd4 35. Rxd4 Bxd4 36. Ne2 Rxg6 37. Nxd4 Rh8 38.
Rh5 Rg7 39. Re5 Re7 40. c4 dxc4 41. Nf3 Rhxh7 42. Re4 b5 43. Re5 a6 0-1

[Event "XI Anibal Open"]
[Site "Linares ESP"]
[Date "2005.03.02"]
[Round "7"]
[White "Barria,D"]
[Black "Recuero Guerra,D"]
[Result "1-0"]
[WhiteElo "2349"]
[BlackElo "2241"]
[EventDate "2005.02.25"]

1. d4 e6 2. c4 c5 3. d5 exd5 4. cxd5 d6 5. Nc3 g6 6. e4 Bg7 7. Qa4+ Bd7 8.
Qb3 Qc7 9. Nf3 Ne7 10. Bd3 O-O 11. O-O a6 12. a4 Be8 13. Re1 h6 14. h4 Nd7
15. Bf4 f5 16. e5 dxe5 17. d6+ Bf7 18. Qxf7+ Rxf7 19. dxc7 exf4 20. Bc4 Nc6
21. Rad1 Nb6 22. Be6 Nd4 23. Nxd4 cxd4 24. a5 Nd7 25. Nd5 1-0

[Event "XI Anibal Open"]
[Site "Linares ESP"]
[Date "2005.03.02"]
[Round "7"]
[White "Del Rio Angelis,S"]
[Black "Vuilleumier,A"]
[Result "1-0"]
[WhiteElo "2502"]
[BlackElo "2280"]
[EventDate "2005.02.25"]

1. d4 d5 2. c4 e6 3. Nc3 Be7 4. Nf3 Nf6 5. Bg5 h6 6. Bh4 O-O 7. e3 Ne4 8.
Bxe7 Qxe7 9. Rc1 Nxc3 10. Rxc3 c6 11. Bd3 dxc4 12. Bxc4 Nd7 13. O-O e5 14.
dxe5 Nxe5 15. Nxe5 Qxe5 16. f4 Qe4 17. Qe2 Re8 18. Bd3 Qxe3+ 19. Qxe3 Rxe3
20. Bh7+ Kxh7 21. Rxe3 Be6 22. a3 Rd8 23. f5 Bc4 24. Rc1 b5 25. b3 Bd5 26.
Kf2 Rd6 27. g4 g6 28. Kg3 h5 29. h3 hxg4 30. hxg4 gxf5 31. gxf5 Rh6 32. Kf4
a5 33. Ke5 Kg7 34. Rg1+ Kh7 35. f6 Rh5+ 36. Kd6 Kh6 37. Re8 1-0

[Event "XI Anibal Open"]
[Site "Linares ESP"]
[Date "2005.03.02"]
[Round "7"]
[White "Vila Gazquez,Ja"]
[Black "Rodriguez Guerrero,E"]
[Result "0-1"]
[WhiteElo "2307"]
[BlackElo "2430"]
[EventDate "2005.02.25"]

1. e4 e6 2. d4 d5 3. e5 c5 4. Nf3 Nc6 5. Bd3 cxd4 6. O-O Qc7 7. Bf4 h6 8.
Bg3 g5 9. h3 Bg7 10. Re1 Nge7 11. Nbd2 Ng6 12. Bxg6 fxg6 13. Nb3 Ne7 14.
Nbxd4 a6 15. Qd3 O-O 16. Bh2 Bd7 17. c3 b5 18. Nc2 Qc4 19. Qe2 a5 20. Nfd4
Qxe2 21. Nxe2 Rac8 22. Ned4 Nf5 23. a3 Rc4 24. Nxf5 gxf5 25. f3 f4 26. Nd4
b4 27. axb4 axb4 28. Ra7 Rd8 29. Kh1 bxc3 30. bxc3 Rxc3 31. Bg1 Rc4 32. Kh2
Bf8 33. Rd1 Bc5 34. Ra5 Rc8 35. Ne2 Bxg1+ 36. Kxg1 R8c7 37. Nd4 Rb7 38. Ra2
Rbb4 39. Ne2 Kf7 40. Ra7 Ke7 41. Ra2 Ba4 42. Rda1 Kd7 43. Nc1 Bc2 44. Ra7+
Kc6 45. Ne2 Bd3 46. R7a6+ Rb6 47. Rxb6+ Kxb6 48. Nc1 Bf5 49. Kf1 Rc2 50.
Nb3 Bd3+ 51. Kg1 Re2 52. Nd4 Rxe5 53. Ra3 Re3 54. Nxe6 Rxe6 55. Rxd3 Kc5
56. Kf2 Kc4 57. Ra3 d4 58. Ra8 d3 59. Rc8+ Kb3 60. Rc7 d2 61. Rd7 Kc2 62.
Rc7+ Kd1 63. Rc8 Ra6 64. Rb8 Rc6 65. Ra8 Kc2 66. Ra2+ Kd3 67. Ra3+ Rc3 68.
Ra1 Rc1 69. Ra3+ Kc4 0-1

[Event "XI Anibal Open"]
[Site "Linares ESP"]
[Date "2005.03.02"]
[Round "7"]
[White "Navarro Torres,P"]
[Black "Szymanski,M"]
[Result "0-1"]
[WhiteElo "2232"]
[BlackElo "2422"]
[EventDate "2005.02.25"]

1. d4 Nf6 2. c4 e6 3. Nc3 Bb4 4. e4 Nxe4 5. Qg4 Nxc3 6. a3 Be7 7. bxc3 Bf6
8. Nf3 Nc6 9. Bd2 d5 10. Qg3 Bd7 11. Bf4 Rc8 12. Ne5 Ne7 13. Rb1 Nf5 14.
Qh3 Bxe5 15. dxe5 Bc6 16. Bd3 Qh4 17. Qf3 dxc4 18. Be4 Bxe4 19. Qxe4 b6 20.
Qc6+ Kf8 21. Bg3 Qe7 22. O-O g6 23. Rbd1 Rd8 24. Rxd8+ Qxd8 25. Qxc4 Kg7
26. Qa4 Qe8 27. Qe4 Qe7 28. a4 Nxg3 29. hxg3 Rd8 30. Re1 a5 31. Qf4 Rd3 32.
Re3 Rxe3 33. Qxe3 f6 34. Qe4 fxe5 35. Qxe5+ Kg8 36. g4 Qd6 37. Qe4 Qd5 38.
Qf4 Qd1+ 39. Kh2 Qd6 40. Kg3 g5 41. Qxd6 cxd6 42. Kf3 Kf7 43. Ke4 Ke7 44.
g3 d5+ 45. Ke5 b5 46. axb5 a4 47. c4 a3 0-1

[Event "XI Anibal Open"]
[Site "Linares ESP"]
[Date "2005.03.02"]
[Round "7"]
[White "Guerra Bastida,D"]
[Black "Karim,I"]
[Result "1-0"]
[WhiteElo "2390"]
[BlackElo "2249"]
[EventDate "2005.02.25"]

1. e4 e5 2. Nf3 Nc6 3. Bb5 a6 4. Ba4 Nf6 5. O-O Be7 6. Re1 b5 7. Bb3 d6 8.
c3 O-O 9. h3 Na5 10. Bc2 c5 11. d4 Nd7 12. Nbd2 cxd4 13. cxd4 Nc6 14. d5
Nb4 15. Bb1 a5 16. a3 Na6 17. b4 Nb6 18. bxa5 Na4 19. Nb3 Nc3 20. Qd3 Nxb1
21. Rxb1 f5 22. Nfd2 Qe8 23. Rb2 Qg6 24. Rc2 f4 25. Kh2 Bd7 26. Bb2 Qh5 27.
Qf3 Qh6 28. Kg1 g5 29. Rec1 Qg6 30. Qe2 h5 31. f3 g4 32. hxg4 Bh4 33. Rc6
Bxc6 34. Rxc6 Nb8 35. Rc7 Bd8 36. Rb7 Bxa5 37. Nxa5 Rxa5 38. gxh5 Qxh5 39.
Nf1 Qe8 40. Qc2 Na6 41. Qf2 Nc5 42. Rc7 Qb8 43. Rxc5 dxc5 44. Qh4 Ra6 45.
Qg4+ Kf7 46. Qh5+ Rg6 47. Bxe5 Qb6 48. d6 c4+ 49. Kh1 Rfg8 50. Nh2 Ke8 51.
Ng4 Kd7 52. Qh7+ Kc6 53. Bd4 Qb7 54. Ne5+ Kxd6 55. Qxb7 1-0

[Event "XI Anibal Open"]
[Site "Linares ESP"]
[Date "2005.03.02"]
[Round "7"]
[White "Ivanov,J"]
[Black "Peric,Sl"]
[Result "1/2-1/2"]
[WhiteElo "2354"]
[BlackElo "2230"]
[EventDate "2005.02.25"]

1. c4 Nf6 2. Nc3 e5 3. g3 Nc6 4. Bg2 Bc5 5. e3 O-O 6. a3 d6 7. Nge2 Re8 8.
b4 Bb6 9. d3 a5 10. b5 Ne7 11. Na4 Ba7 12. Rb1 Nd7 13. O-O Nb6 14. Nec3 c6
15. Nxb6 Bxb6 16. Na4 c5 17. e4 Be6 18. f4 f6 19. Be3 Nc8 20. fxe5 fxe5 21.
Qh5 Qd7 22. h3 Bd8 23. Kh2 b6 24. Bf3 Ra7 25. Bg4 g6 26. Bxe6+ Qxe6 27. Qf3
Rf7 28. Qxf7+ Qxf7 29. Rxf7 Kxf7 30. Rf1+ Kg7 31. Nc3 Be7 32. Nd5 Rf8 33.
Nxe7 Rxf1 34. Nxc8 Rf3 35. Bg5 Rxd3 36. Nxb6 Rxa3 37. Be7 Rd3 38. Nd5 Rd4
39. Bxd6 Rxc4 40. Bxe5+ Kf7 41. Bc3 Rxe4 42. b6 Re8 43. Nc7 Re2+ 44. Kg1
Rc2 45. Nd5 Ke6 46. b7 Kxd5 47. b8=Q Rxc3 48. Kf2 Kc4 49. Qg8+ Kb4 50. Qxh7
a4 51. Qxg6 a3 52. Qb6+ Ka4 53. Qa6+ Kb3 54. Qb5+ Kc2 55. Ke2 c4 56. Qf5+
Kb2 57. Qe5 Kc2 58. Qe4+ Kb2 59. Qd4 Kb3 60. Qb6+ Kc2 61. Qa6 Kb2 62. Qb5+
Kc2 63. Qa4+ 1/2-1/2

[Event "XI Anibal Open"]
[Site "Linares ESP"]
[Date "2005.03.02"]
[Round "7"]
[White "Fenollar Jorda,M"]
[Black "Aloma Vidal,R"]
[Result "1/2-1/2"]
[WhiteElo "2226"]
[BlackElo "2329"]
[EventDate "2005.02.25"]

1. e4 c5 2. Nf3 d6 3. Bb5+ Nd7 4. c4 Ngf6 5. Nc3 a6 6. Bxd7+ Bxd7 7. O-O
Bc6 8. Re1 e5 9. d3 h6 10. Nd2 g6 11. Nf1 Bg7 12. Ne3 O-O 13. a3 Ne8 14. g4
Nc7 15. b4 Ne6 16. Ncd5 Kh7 17. Ra2 Bf6 18. Nxf6+ Qxf6 19. Nd5 Qh4 20. Kh1
f5 21. gxf5 gxf5 22. f3 a5 23. bxc5 Nxc5 24. Rae2 Qh3 25. Rg2 fxe4 26. Rg3
Qh5 27. fxe4 Qxd1 28. Rxd1 Bxd5 29. exd5 Rg8 30. Be3 Rxg3 31. hxg3 Nb3 32.
Kg2 h5 33. a4 Rg8 34. Rb1 Nd4 35. Rxb7+ Kg6 36. Bxd4 exd4 37. Rd7 Kf5 38.
Kf3 Re8 39. Rxd6 Re3+ 40. Kf2 Rxd3 41. c5 Rc3 42. c6 Ke4 43. Rd8 d3 44. d6
Rc2+ 45. Ke1 d2+ 46. Ke2 Rxc6 47. Kxd2 Ke5 48. Ke3 Rc3+ 49. Kf2 Ke6 50. Rh8
Rc4 51. Rxh5 Rxa4 52. Rd5 Kd7 53. Kf3 Ra1 54. g4 a4 55. g5 a3 56. Kg2 a2
57. Ra5 Rb1 58. Rxa2 1/2-1/2